Statistics for Largest Cities In The World According To Snapchat Maps

Click here to take the quiz!

General Stats

  • This quiz has been taken 38 times
    (17 since last reset)
  • The average score is 20 of 126

Answer Stats

CountryCity% Correct
United StatesNew York
94%
United StatesLos Angeles
81%
United StatesWashington DC
56%
United StatesChicago
50%
United KingdomLondon
50%
ItalyRome
50%
JapanTokyo
50%
EgyptCairo
44%
United StatesDallas
44%
United StatesDetroit
44%
United Arab EmiratesDubai
44%
United StatesHouston
44%
United StatesSan Francisco
44%
CanadaToronto
44%
GermanyBerlin
38%
United StatesBoston
38%
RussiaMoscow
38%
FranceParis
38%
SpainBarcelona
31%
ChinaBeijing
31%
South AfricaCape Town
31%
GermanyHamburg
31%
United StatesPhiladelphia
31%
United StatesPhoenix
31%
United StatesSan Diego
31%
United StatesAtlanta
25%
BrazilBrasilia
25%
TurkeyIstanbul
25%
South AfricaJohannesburg
25%
United StatesMinneapolis
25%
IndiaNew Delhi
25%
Czech Republic (Czechia)Prague
25%
RussiaSaint Petersburg
25%
AustraliaSydney
25%
BelgiumBrussels
19%
FinlandHelsinki
19%
Saudi ArabiaMecca
19%
AustraliaMelbourne
19%
KenyaNairobi
19%
United StatesNew Orleans
19%
JapanOsaka
19%
BrazilRio De Janeiro
19%
YemenSanaa
19%
JapanSapporo
19%
United StatesSeattle
19%
ChinaShanghai
19%
IranTehran
19%
CanadaVancouver
19%
SyriaAleppo
13%
AlgeriaAlgiers
13%
The NetherlandsAmsterdam
13%
United StatesAnchorage
13%
New ZealandAuckland
13%
ThailandBangkok
13%
RomaniaBucharest
13%
MoroccoCasablanca
13%
BangladeshChittagong
13%
SyriaDamascus
13%
United StatesHonolulu
13%
Democratic Republic Of The CongoKinshasa
13%
PortugalLisbon
13%
PhilippinesManila
13%
MexicoMexico City
13%
CanadaMontreal
13%
ItalyNaples
13%
BrazilSao Paulo
13%
SingaporeSingapore
13%
United StatesSt Louis
13%
United StatesTampa
13%
SwitzerlandZurich
13%
GhanaAccra
6%
EgyptAlexandria
6%
ArgentinaBuenos Aires
6%
South AfricaDurban
6%
FranceGeneva
6%
MexicoGuadalajara
6%
JapanHiroshima
6%
ChinaHong Kong
6%
IndonesiaJakarta
6%
PakistanKarachi
6%
IndiaKolkata
6%
NigeriaLagos
6%
AngolaLuanda
6%
AustraliaPerth
6%
North KoreaPyongyang
6%
ChileSantiago
6%
LibyaTripoli
6%
ChinaWuhan
6%
Ivory CoastAbidjan
0%
IndiaAhmedabad
0%
ChinaBaotou
0%
BrazilBelem
0%
IndiaBengaluru
0%
VenezuelaCaracas
0%
ChinaChangchun
0%
ChinaChengdu
0%
ChinaChongqing
0%
BrazilCuritiba
0%
BrazilFortaleza
0%
ChinaFuzhou
0%
BrazilGoiania
0%
ChinaGuiyang
0%
VietnamHanoi
0%
ChinaHarbin
0%
VietnamHo Chi Minh City
0%
IndiaHyderabad
0%
ChinaJinan
0%
NigeriaKano
0%
IndiaKanpur
0%
ChinaKunming
0%
KuwaitKuwait CIty
0%
PeruLima
0%
VenezuelaMaracaibo
0%
IranMashhad
0%
ColombiaMedellin
0%
MexicoMonterrey
0%
ChinaNanchang
0%
ChinaNanning
0%
BrazilPorto Alegre
0%
BrazilRecife
0%
BrazilSalvador
0%
ChinaShenyang
0%
IndonesiaSurabaya
0%
ChinaTaiyuan
0%
ChinaUrumqi
0%
ChinaZhengzhou
0%

Score Distribution

Percentile by Number Answered

Percent of People with Each Score

Your Score History

You have not taken this quiz since the last reset